Statistics for Names for Voldemort

Click here to take the quiz!

General Stats

  • This quiz has been taken 78 times
  • The average score is 4 of 5

Answer Stats

HintAnswer% Correct
Heir of _________Slytherin
90%
Title used by his followersThe Dark Lord
90%
Full name as given at birthTom Marvolo Riddle
90%
One of two phrases used to avoid saying "Voldemort"You-Know-Who
80%
The other oneHe-Who-Must-Not-Be-Named
74%

Score Distribution

Percentile by Number Answered

Percent of People with Each Score

Your Score History

You have not taken this quiz